Navarra y el vascuence / (Record no. 92751)

MARC details
000 -LEADER
campo de control de longitud fija 00604nam a2200181 i 4500
001 - NÚMERO DE CONTROL
campo de control 92751
003 - IDENTIFICADOR DE NÚMERO DE CONTROL
campo de control ES-MaACL
005 - FECHA Y HORA DE LA ÚLTIMA TRANSACCIÓN
campo de control 20230906181041.0
007 - CAMPO FIJO DE DESCRIPCIÓN FÍSICA--INFORMACIÓN GENERAL
campo de control de longitud fija t|
008 - DATOS DE LONGITUD FIJA--INFORMACIÓN GENERAL
campo de control de longitud fija 050428s2001 sp ||||1| spa d
080 ## - NÚMERO DE LA CLASIFICACIÓN DECIMAL UNIVERSAL
Número de la Clasificación Decimal Universal 811.361'282(460.16)
100 1# - ENTRADA PRINCIPAL--NOMBRE DE PERSONA
Nombre de persona Arbeloa, Víctor Manuel.
9 (RLIN) 22388
245 10 - MENCIÓN DEL TÍTULO
Título Navarra y el vascuence /
Mención de responsabilidad, etc. Víctor Manuel Arbeloa.
260 ## - PUBLICACIÓN, DISTRIBUCIÓN, ETC.
Lugar de publicación, distribución, etc. [Pamplona] :
Nombre del editor, distribuidor, etc. Dirección General de Universidades y Política Lingüística,
Fecha de publicación, distribución, etc. [2001]
300 ## - DESCRIPCIÓN FÍSICA
Extensión 51 p. ;
Dimensiones 24 cm.
650 14 - PUNTO DE ACCESO ADICIONAL DE MATERIA--TÉRMINO DE MATERIA
Término de materia o nombre geográfico como elemento de entrada Lengua vasca-
Subdivisión general Dialectos-
Subdivisión geográfica Navarra (Comunidad Autónoma)
9 (RLIN) 14332
852 ## - LOCALIZACIÓN
Ubicación ES-MaACL
Número de control de estantería 2187-F-22
Sublocalización o colección R.135649
Holdings
Estatus retirado Estado de pérdida Estado de daño No para préstamo Colección Biblioteca de origen Biblioteca actual Ubicación en estantería Fecha de adquisición Fuente de adquisición Total de préstamos Signatura topográfica completa Código de barras Visto por última vez Precio de reemplazo Tipo de ítem Koha
        Colección de folletos Biblioteca del Ateneo de Madrid Biblioteca del Ateneo de Madrid Depósito folletos 17/01/2008     2187-F-22 1096825 23/02/2023 23/02/2023 Folleto